Alphabetical Sixsomes Quiz Stats

 Plays Quiz Updated Sep 24, 2015

Challenge
Share
Tweet
Embed
Score 0/48 Timer 06:00
1 Play Today
% Correct
Bishop
91.4%
Knight
88.6%
King
86.3%
Rook
85.4%
Pawn
84%
Connecticut
82.4%
Ross
82%
Vermont
81.9%
Queen
81.6%
New Hampshire
81.5%
Massachusetts
80.6%
Joey
80.4%
Rachel
80.2%
Chandler
80.1%
Rhode Island
80%
Monica
78.9%
Phoebe
78.3%
Tangent
78.2%
Why
75.7%
What
75.4%
Cosine
75.3%
Cindy
75.2%
Sine
75.1%
Cotangent
74.8%
% Correct
Peter
74.6%
Polk
74.6%
Monroe
74%
Where
73.4%
Western Australia
73%
Maine
72.9%
Madison
72.9%
Who
72.8%
Jan
72.7%
When
72.7%
South Australia
72.6%
Secant
72.4%
Marcia
72.3%
Garfield
72.1%
Greg
72.1%
New South Wales
71.2%
Tasmania
71.1%
Bobby
70.6%
Carter
70.5%
Queensland
70.4%
How
70.3%
Cosecant
67.5%
Buchanan
67.2%
Victoria
65%

You're not logged in!

Compare scores with friends on all Sporcle quizzes.
Join for Free
OR
Log In

You Might Also Like...

Show Comments

Extras

Top Quizzes Today


Score Distribution

Your Account Isn't Verified!

In order to create a playlist on Sporcle, you need to verify the email address you used during registration. Go to your Sporcle Settings to finish the process.

Report this User

Report this user for behavior that violates our Community Guidelines.

Details: